000 004250000a22001810004500
003 LK-CoMWRAF
005 20230924063341.0
008 230817t ||||| |||| 00| 0 eng d
040 _aLK-CoMWRAF
_dLK-CoMWRAF
_eLK-CoMWRAF
041 _aeng
082 _a291.23
_bKEL
100 _aKelegama, Keerthi
245 _aWhere religions agree
250 _aThird Edition
300 _a170p
650 _aReligions
942 _cBK
999 _c1707
_d1707